| 000 | 00581cab a2200229 4500 | ||
|---|---|---|---|
| 001 | X1231 | ||
| 008 | 090401t1993 xxu||||| |||| 00| 0 eng d | ||
| 035 | _a(Sirsi) u15674 | ||
| 041 | _aeng | ||
| 100 | _aBullen, R. | ||
| 245 | _aLesotho - Survey developments and the Highlands water project | ||
| 260 | _c1993 | ||
| 350 | _a0 | ||
| 490 |
_aSurveying World _v2(1) November 1993, 17-19(3) |
||
| 650 | _aAFRICA | ||
| 650 | _aCADASTRAL SURVEYING | ||
| 650 | _aHYDROGRAPHIC SURVEYING | ||
| 650 | _aLESOTHO | ||
| 690 | _aLAND SURVEYING | ||
| 942 | _n0 | ||
| 948 | _c04/03/1997 | ||
| 999 |
_c10305 _d10305 |
||